000 01002nam0a22002531 4500
001 rc\2814413
005 20250806210955.0
035 _a(NLR Aleph) 006940199
090 _a37316
_c37316
100 _a20110915d1945 u y0rusy50 ca
101 0 _arus
102 _aRU
105 _ay z |||||
200 1 _aРазговорные уроки на русском языке в татарских школах
_fВ. Чистяков, проф., д-р педагог. наук
_gТатар. ин-т усовершенствования учителей
210 _aКазань
_cТатгосиздат
_d1945
_gкн. ф-ка им. Камиль Якуб
215 _a7 с., без обл.
_d20 см.
700 1 _aЧистяков
_bВ.М.
_f1890-
_gВасилий Матвеевич
801 0 _aRU
_bNLR
_gpsbo
801 1 _aRU
_bELAR
_2rusmarc
852 _aNLR
_jПр20 Г-4/374
942 _cBOOK
945 _aРоссийская национальная библиотека
980 _aNB
980 _aBV